[Event "NED-ch U14 Girls"]
[Site "Almelo"]
[Date "2023.05.05"]
[Round "6"]
[White "Westerhof, Fleur"]
[Black "Van Apeldoorn, Vera"]
[Result "1-0"]
[WhiteElo "1743"]
[BlackElo "1153"]
[PlyCount "95"]
[EventDate "2023.04.30"]
[EventType "swiss"]
[EventRounds "7"]
[EventCountry "NED"]
[SourceTitle "CBM 214 Extra"]
[Source "ChessBase"]
[SourceDate "2023.07.31"]
[SourceVersion "1"]
[SourceVersionDate "2023.07.31"]
[SourceQuality "1"]

1. e4 e5 2. Nf3 Nc6 3. d4 exd4 4. Bc4 Bc5 5. c3 Nf6 6. e5 d5 7. Bb5 Ne4 8. cxd4 Bb6 9. Nc3 0-0 10. Be3 Bg4 11. h3 Bh5 12. Qc2 Bg6 13. Qb3 Ne7 14. 0-0 c6 15. Be2 Rb8 16. Rad1 f6 17. a3 fxe5 18. Nxe5 Nf6 19. Na4 Bc7 20. Nc5 Qc8 21. Bg5 b6 22. Na6 Ra8 23. Rc1 Kh8 24. Nb4 Be8 25. Ba6 Qe6 26. Rfe1 Qd6 27. Bb7 Rb8 28. Bxc6 Nxc6 29. Nbxc6 Ra8 30. Bf4 Kg8 31. Ng6 Qd7 32. Nxf8 Kxf8 33. Qb4+ Kg8 34. Ne7+ Kh8 35. Rxc7 Qd8 36. Nf5 Bd7 37. Ng3 h6 38. Qd6 b5 39. Re7 Rc8 40. Rcxd7 Nxd7 41. Rxd7 Qa5 42. Bxh6 Qe1+ 43. Kh2 Qe8 44. Bxg7+ Kg8 45. Qxd5+ Kh7 46. Be5+ Kh6 47. Qd6+ Qg6 48. Bf4# 1-0

[Event "NED-ch U14 Girls"]
[Site "Almelo"]
[Date "2022.05.07"]
[Round "7"]
[White "Van Apeldoorn, Vera"]
[Black "Westerhof, Fleur"]
[Result "0-1"]
[WhiteElo "1022"]
[BlackElo "1509"]
[PlyCount "161"]
[EventDate "2022.05.01"]
[EventType "swiss"]
[EventRounds "9"]
[EventCountry "NED"]
[SourceTitle "EXT 2023"]
[Source "ChessBase"]
[SourceDate "2022.10.05"]
[SourceVersion "1"]
[SourceVersionDate "2022.10.05"]
[SourceQuality "1"]

1. d4 d5 2. c4 e6 3. Nc3 Nf6 4. cxd5 exd5 5. Nf3 Be7 6. Bf4 0-0 7. h3 c5 8. e3 Nc6 9. Be2 cxd4 10. exd4 Bf5 11. 0-0 Ne4 12. Nxe4 dxe4 13. Nd2 Qxd4 14. Rb1 Qf6 15. Bg4 Bg6 16. Be3 Qd6 17. Qa4 f5 18. Be2 Kh8 19. Rfd1 Qf6 20. Bf4 Rad8 21. Nc4 Rxd1+ 22. Qxd1 Rd8 23. Qc1 Nd4 24. Bf1 Ne6 25. Be5 Qg5 26. Qc3 Bf6 27. Bxf6 Qxf6 28. Qb4 b6 29. Qa3 Qf7 30. Ne5 Qc7 31. Nxg6+ hxg6 32. b3 Nc5 33. Rc1 Qb7 34. b4 Nd3 35. Rd1 Qd7 36. Qb3 Qd5 37. Qc3 Qd4 38. Qd2 Rd7 39. a3 Rd6 40. a4 Qd5 41. b5 Nb4 42. Qxd5 Rxd5 43. Rc1 Rc5 44. Rd1 Nd5 45. Rb1 Nc3 46. Ra1 Rd5 47. Ra3 Nb1 48. Ra1 Nd2 49. Be2 Nb3 50. Ra3 Nc5 51. a5 Nd3 52. axb6 axb6 53. Rc3 Rxb5 54. Bxd3 exd3 55. Rxd3 Kg8 56. Kf1 Kf7 57. Ke2 Ke6 58. Kd2 Rd5 59. Rxd5 Kxd5 60. Kc3 Kc5 61. Kb3 Kb5 62. g4 fxg4 63. hxg4 g5 64. Kc3 Ka4 65. Kb2 Kb4 66. f3 g6 67. Kc2 Ka3 68. Kc3 b5 69. Kc2 b4 70. Kb1 Kb3 71. Kc1 Ka2 72. Kc2 b3+ 73. Kc3 b2 74. f4 gxf4 75. g5 b1Q 76. Kc4 Qb3+ 77. Kc5 f3 78. Kc6 f2 79. Kd6 f1Q 80. Ke5 Qf5+ 81. Kd4 0-1

[Event "NED-ch U14 Girls"]
[Site "Almelo"]
[Date "2022.05.06"]
[Round "6"]
[White "Roebers, Bregje"]
[Black "Van Apeldoorn, Vera"]
[Result "0-1"]
[WhiteElo "1214"]
[BlackElo "1022"]
[PlyCount "72"]
[EventDate "2022.05.01"]
[EventType "swiss"]
[EventRounds "9"]
[EventCountry "NED"]
[SourceTitle "EXT 2023"]
[Source "ChessBase"]
[SourceDate "2022.10.05"]
[SourceVersion "1"]
[SourceVersionDate "2022.10.05"]
[SourceQuality "1"]

1. e4 e5 2. Nf3 Nc6 3. d4 exd4 4. Nxd4 Nf6 5. Nxc6 bxc6 6. Bd3 Bc5 7. Bg5 h6 8. Bh4 Be7 9. Nd2 0-0 10. 0-0 d5 11. exd5 cxd5 12. Nb3 Qd6 13. Bg3 Qd8 14. Re1 Be6 15. Nd4 Bd7 16. Bxc7 Qxc7 17. Rxe7 Qc5 18. Re1 Qb6 19. Nb3 Ng4 20. Qd2 Qd6 21. g3 Rab8 22. Be2 Qc6 23. Bxg4 Bxg4 24. f4 Rfc8 25. c3 a5 26. Nd4 Qb6 27. b3 Qc5 28. Rac1 Qb6 29. Re3 Rb7 30. Rce1 Rbb8 31. Re7 Be6 32. f5 Bxf5 33. R7e5 Be4 34. Qf4 Rxc3 35. Qd2 Rd3 36. Qf2 Qxd4 0-1

[Event "NED-ch U14 Girls"]
[Site "Almelo"]
[Date "2022.05.05"]
[Round "5"]
[White "Fu, Janice"]
[Black "Van Apeldoorn, Vera"]
[Result "1-0"]
[WhiteElo "1344"]
[BlackElo "1022"]
[PlyCount "113"]
[EventDate "2022.05.01"]
[EventType "swiss"]
[EventRounds "9"]
[EventCountry "NED"]
[SourceTitle "EXT 2023"]
[Source "ChessBase"]
[SourceDate "2022.10.05"]
[SourceVersion "1"]
[SourceVersionDate "2022.10.05"]
[SourceQuality "1"]

1. e4 e5 2. Nf3 Nc6 3. Bc4 Nf6 4. d3 Bc5 5. Nc3 0-0 6. Bg5 h6 7. Bh4 Be7 8. 0-0 d6 9. h3 Na5 10. Bb3 Nxb3 11. axb3 Be6 12. d4 exd4 13. Qxd4 Re8 14. Rxa7 Rxa7 15. Qxa7 b6 16. Re1 Qd7 17. Bg3 Nh5 18. Bh2 Nf6 19. e5 dxe5 20. Nxe5 Qc8 21. Nc6 Bd6 22. Bxd6 cxd6 23. Ne7+ Rxe7 24. Qxe7 d5 25. Qd6 b5 26. Qb6 Bd7 27. Re2 Qc6 28. Qxc6 Bxc6 29. Re7 Ne4 30. Rc7 Nxc3 31. Rc8+ Kh7 32. Rxc6 Ne2+ 33. Kf1 Nd4 34. Rc5 Kg6 35. c3 Nxb3 36. Rxb5 Nd2+ 37. Ke1 Nc4 38. b3 Nd6 39. Rxd5 Ne4 40. c4 Kf6 41. f3 Ng5 42. b4 Ne6 43. c5 Ke7 44. c6 f6 45. b5 Nf4 46. Rd7+ Ke6 47. Kf2 Nd5 48. Rxd5 Kxd5 49. c7 Kd4 50. c8Q g5 51. b6 g4 52. b7 gxh3 53. gxh3 h5 54. b8R h4 55. Qd7+ Ke5 56. Re8+ Kf4 57. Qg4# 1-0